| 000 | 00547pab a2200169 454500 | ||
|---|---|---|---|
| 008 | 180718b1999 xxu||||| |||| 00| 0 eng d | ||
| 100 | _aAndrews, Christina | ||
| 245 | _aRe-legitimating `voice' and `loyally' within economic theories of democracy and accountability: Brazilian examplars | ||
| 260 | _c1999 | ||
| 300 | _ap.395-409 | ||
| 362 | _aSep | ||
| 650 | _aPublic administration - Brazil | ||
| 650 | _aPublic administration | ||
| 700 | _aKouzmin, Alexander | ||
| 773 | _aInternational Review of Administrative Sciences | ||
| 909 | _a43095 | ||
| 999 |
_c43095 _d43095 |
||